000 01251cam a2200241 a 4500
001 000013236
005 20260306121547.0
008 871026s1985 cl ab b i000 0 spa
040 _aDO-SdBNP
_bspa
_cBNPHU
082 _a337.1
_bP349ó
100 1 _aPeña Velásquez, Margarita.
_930388
245 1 0 _aOrganización de la comunidad internacional /
_cMargarita Peña Velasquez, Sixto Tirso Junco Gómez.
260 _aSantiago de Chile :
_bOficina Regional de Educación de la Unesco para América Latina y el Caribe,
_c1985.
300 _a201 p. :
_bil., mapas ;
_c22 cm.
500 _aRepública de Colombia, Ministerio de Educación Nacional, Oficina de Relaciones Internacionales, Comisión Nacional Colombiana de Cooperación con la Unesco.
500 _aA la cabeza del título: Organización de las Naciones Unidas para la Educación, la Ciencia y la Cultura.
504 _aIncluye bibliografía (P. 154)
650 0 _aOrganismos internacionales
_930389
650 0 _a Integración económica internacional
_92840
700 1 _aJunco Gómez, Sixto Tirso.
_930390
710 2 _aUnesco.
_bRegional Office for Education in Latin America and the Caribbean.
_930391
710 2 _aComisión Nacional Colombiana de Cooperación con la Unesco.
_930392
999 _c12868
_d12868